000 00619nam a2200181Ia 4500
008 100920s9999 xx 000 0 und d
082 _b8948
_a891.43 थ 57
100 _aपण्डित प्रकाश.
245 _aनिराला जानवर.
260 _bराजपाल एण्ड सन्स ,कश्मीरी गेट, दिल्ली.
_c1957
300 _a31
_bसाधी
365 _b0.75
520 _aहिंदी.
630 _aनिराला जानवर.
650 _aहिंदी.
730 _aनिराला जानवर.
942 _cBOOK
999 _c676092
_d676089